000 00675nam a22002297a 4500
003 UA-OsUOA
001 119536
007 ta
008 20161102b un ||||| |||| 00| 0 ukr d
100 _aФукс А.Е.
700 _aМалько К.С.
090 _a330(477)
_bФ94
942 _cSA
040 _aUA-OsUOA
_bukr
_cUA-OsUOA
_dUA-OsUOA
245 _aФорми залучення іноземного капіталу в національну економіку
300 _aС.98-111
955 _a0
041 _aukr
080 _a330(477)
773 0 _w119530
_tФінанси України
_dК.
_d2016
_g9
650 7 _a330 Економіка взагалі
_2UDC
999 _c405637
_d405637